Текст томруулах:    
Read, reason, write (Бичлэгийн дугаар. 146785)
000 -УДИРДЛАГА
Удирдлага 00706nam a22002657a 4500
003 - ХЯНАЛТЫН ТОО ТОДОРХОЙЛОГЧ
Код MN-UlNUM
005 - БИЧИЛТ ХИЙСЭН ОГНОО
Тухайн бичилтийг бичсэн засварласан сүүлийн огноо 20260331193800.0
008 - ЕРӨНХИЙ МЭДЭЭЛЭЛ
Ерөнхий мэдээлэл 260331s2002 maua b 001 0 eng
020 ## - ISBN
ISBN 0072858184
-- 0072858181
040 ## - БИЧЛЭГ ҮҮСГЭГЧ БАЙГУУЛЛАГА
Бичлэг үүсгэгч номын сангийн код МУИС-ийн номын сан
084 ## - ББК АНГИЛАЛ
Нэмэлт тусгалт Нэг сэдэвт бүтээл
ББК ангилал 84(0)9
Зохиогчийн гурван тэмдэгт S 52
Мэдлэгийн ялгаа 84 - Уран зохиол
100 ## - ЗОХИОГЧ
Зохиогчийн нэр Seyler, Dorothy U
245 ## - ҮНДСЭН ГАРЧИГ
Номын нэр Read, reason, write
250 ## - ДАХИН ХЭВЛЭЛТ
Дахин гаралтын дугаар 6th edition
260 ## - ГАРАЛТЫН МЭДЭЭ
Хэвлэгдсэн газар Boston
Хэвлэлийн газар McGraw-Hill
Хэвлэгдсэн он 2002
300 ## - МАТЕРИАЛЫН ТОДОРХОЙЛОЛТ
хуудасны тоо xix, 668 p. :
Бусад тоон мэдээлэл ill. ;
Хэмжээ 24 cm
500 ## - Тайлбар
Дансны дугаар БС 4401
546 ## - ХЭЛНИЙ ТУХАЙ МЭДЭЭ
Хэл Англи хэл дээр,
653 ## - Түлхүүр үг
Түлхүүр үг persuasion
653 ## - Түлхүүр үг
Түлхүүр үг college readers
653 ## - Түлхүүр үг
Түлхүүр үг report writing
942 ## - ЭЛЕМЕНТИЙН ТӨРӨЛ
Зүйлийн төрөл Ном